000 01902nam a2200409 a 4500
001 ebr10724842
003 CaPaEBR
006 m o u
007 cr cn|||||||||
008 121203s2013 txua sb 001 0 eng d
010 _z 2012044364
020 _z9780292745582 (cloth : alk. paper)
020 _z9780292745599 (e-book)
040 _aCaPaEBR
_cCaPaEBR
035 _a(OCoLC)852159198
043 _as-ck---
050 1 4 _aHQ1220.C7
_bS73 2013eb
082 0 4 _a305.409861
_223
100 1 _aStanfield, Michael Edward,
_d1957-
245 1 0 _aOf beasts and beauty
_h[electronic resource] :
_bgender, race, and identity in Colombia /
_cby Michael Edward Stanfield.
250 _a1st ed.
260 _aAustin :
_bUniversity of Texas Press,
_c2013.
300 _ax, 280 p. :
_bill.
504 _aIncludes bibliographical references and index.
505 0 _a"La mujer reina pero no gobierna," 1845-1885 -- Bicycle race, 1885-1914 -- Apparent modernity, 1914-1929 -- Liberal beauty, 1930-1948 -- Exclusive beasts, 1948-1958 -- From Miss Universe to the anti-reina, 1958-1968 -- Static government, social evolution, 1968-1979 -- Pulchritude, the palacio, and power, 1979-1985.
533 _aElectronic reproduction.
_bPalo Alto, Calif. :
_cebrary,
_d2013.
_nAvailable via World Wide Web.
_nAccess may be limited to ebrary affiliated libraries.
650 0 _aFeminine beauty (Aesthetics)
_zColombia
_xHistory.
650 0 _aBeauty contests
_zColombia
_xHistory.
650 0 _aWomen
_zColombia
_xHistory.
650 0 _aNationalism
_zColombia
_xHistory.
651 0 _aColombia
_xHistory
_y1810-
651 0 _aColombia
_xSocial conditions.
651 0 _aColombia
_xPolitics and government.
655 7 _aElectronic books.
_2local
710 2 _aebrary, Inc.
856 4 0 _uhttp://site.ebrary.com/lib/rucke/Doc?id=10724842
_zAn electronic book accessible through the World Wide Web; click to view
999 _c37843
_d37843